[Event "FIDE World Cup"]
[Site "Tbilisi"]
[Date "2017.09.06"]
[Round "2.1"]
[White "Adhiban, Baskaran"]
[Black "Nepomniachtchi, Ian"]
[Result "1/2-1/2"]
[WhiteElo "2677"]
[BlackElo "2751"]
[Annotator "Adhiban,B"]
[PlyCount "55"]
[EventDate "2017.09.03"]
[EventType "k.o."]
[EventRounds "7"]
[EventCountry "GEO"]
[SourceTitle "CBM 181"]
[Source "ChessBase"]
[SourceDate "2017.11.10"]
[SourceVersion "1"]
[SourceVersionDate "2017.11.10"]
[SourceQuality "1"]

1. e4 c5 2. Nf3 d6 3. d4 cxd4 4. Nxd4 Nf6 5. Nc3 a6 6. Bg5 {I was happy with
what I got last time in this line, So I decided to repeat it.} e6 7. f4 Nbd7 8.
Bc4 $5 b5 (8... Qb6 {is another major branch.}) 9. Bxe6 fxe6 10. Nxe6 {I
waited with bated breath... would he fall into the trap?} Qb6 {and he did!} 11.
Nd5 Nxd5 12. Qxd5 {I remembered this as clearly winning.} Nb8 $1 {The best
defence.} 13. Nxf8 Rxf8 14. Qxa8 Bb7 15. Qxb8+ Kf7 16. Qxf8+ Kxf8 17. O-O-O {
Apparently all this has been analysed by Krasenkow way back...} Bxe4 18. Rd2 $6
(18. Rhe1 $1 {It is worth spending another tempo to prevent any counterplay.}
d5 19. Rd2 $1 Qa5 20. a3 b4 21. Bd8 $1 {is the killer idea mentioned during my
PM by Sagar.} Qa4 22. Re3 {[%cal Re3a3]}) 18... h6 $6 (18... Qa5 19. Rxd6 Qxa2
{is also sufficient for full counterplay and hence my whole plan with Rd2 was
flawed.}) 19. Bh4 $2 (19. Re1 $1 {was the last chance.} hxg5 20. Rxe4 Qg1+ 21.
Rd1 Qxg2 {I wasn't entirely sure about this but the computer gives} 22. Rde1 g4
23. f5 {as clearly better for White.}) 19... Qa5 $1 {Now suddenly Black has
sufficient counterplay.} 20. Re1 (20. a3 b4 {is also good enough for Black.})
20... Qxa2 21. Rxd6 {[%csl Gf8][%cal Gf8f7,Gf7g6,Gg6h7] This was the position
I was aiming for, but with a bishop on g5 which greatly changes the situation
as now I also have to worry about the f4 point and the black king will be safe
on h7.} Qa1+ 22. Kd2 Qa4 23. Rd8+ Kf7 24. b3 Qa5+ 25. Kd1 Qa1+ 26. Kd2 (26. Ke2
Qc3 27. Kf2 Qxc2+) 26... Qa5+ 27. Kd1 Qa1+ 28. Kd2 {I felt there was too much
risk involved in Ke2, so decided to call it a day.} 1/2-1/2

[Event "Morelia/Linares 25th"]
[Site "Morelia/Linares"]
[Date "2008.02.15"]
[Round "1"]
[White "Shirov, Alexei"]
[Black "Anand, Viswanathan"]
[Result "0-1"]
[WhiteElo "2755"]
[BlackElo "2799"]
[Annotator "Anand,V"]
[PlyCount "60"]
[EventDate "2008.02.15"]
[EventType "tourn"]
[EventRounds "14"]
[EventCountry "ESP"]
[EventCategory "21"]
[SourceTitle "CBM 123"]
[Source "ChessBase"]
[SourceDate "2008.04.02"]
[SourceVersion "1"]
[SourceVersionDate "2008.04.02"]
[SourceQuality "1"]

1. e4 c5 2. Nf3 d6 3. d4 cxd4 4. Nxd4 Nf6 5. Nc3 a6 6. Bg5 {A move that Shirov
added to his repertoire last year. Ein Zug, den Shirov letztes Jahr in sein
Repertoire aufgenommen hat.} e6 7. f4 Nbd7 8. Qf3 Qc7 9. O-O-O b5 10. Bd3 Bb7
11. Rhe1 Qb6 12. Nb3 {The course of his game against Karjakin was favourable
for White. Der Verlauf seiner Partie gegen Karjakin war günstig für Weiß.} Rc8
{I found this idea only shortly before the game, but it seemed to me similar
enough to Movsesian-Kasparov, Sarajevo 2000. Diese Idee fand ich erst kurz vor
der Partie, sie erinnerte mich aber sehr an Movsesian-Kasparov, Sarajevo 2000.}
(12... b4 13. Nb1 Be7 14. N1d2 Qc7 15. Qh3 e5 16. Nc4 O-O 17. Nba5 Bc8 18. Qg3
{Shirov,A (2739)-Karjakin,S (2694) Khanty-Mansiysk 2007}) 13. Qh3 Rxc3 $1 {
The point. Die Pointe.} 14. bxc3 Qc7 15. Kb1 Be7 16. e5 {Well, so much for
Movsesian-Kasparov. That was with the pawn on f3. Nun, so viel zu
Movsesian-Kasparov. Das war mit dem Bauern auf f3.} dxe5 17. f5 $6 (17. fxe5 $1
Nd5 (17... Nxe5 18. Qg3 Bd6 19. Bxf6 gxf6 20. Be4 $36 (20. Qg7 Rf8 21. Qxf6
Bxg2 22. Bf5 {also looks unpleasant for Black. wirkt ebenfalls unangenehm für
Schwarz.})) 18. Bxe7 Kxe7 19. Rd2 Nxe5 20. Qg3 Nxd3 (20... Nc4 21. Qg5+ Kf8 22.
Bxc4 bxc4 23. Nc5 h6 24. Qh4 $1 Nxc3+ 25. Ka1 Bd5 26. Rxe6 $1) 21. Qxc7+ Nxc7
22. cxd3 {Black has some compensation here. Hier hat Schwarz einige
Kompensation.}) 17... Nd5 18. Bxe7 (18. Bd2 exf5 (18... N7b6 19. fxe6 Na4 20.
Ka1 Ndxc3 21. exf7+ Kf8 22. Nd4 $1 Bc8 (22... exd4 23. Rxe7 $18) 23. Ne6+ Bxe6
24. Qxe6) 19. Bxf5 N7b6 {looks fine for Black. sieht gut aus für Schwarz.})
18... Kxe7 19. fxe6 fxe6 $6 (19... Nxc3+ $1 20. Kc1 (20. Ka1 Nxd1 $1 {The
point - Qc3 is threatened. Die Pointe - es droht Qc3.}) 20... Nf6 (20... Nxd1
21. exd7 Nc3 22. Qg3 $1 $18) 21. Rd2 (21. Qg3 Nxd1 22. Qxg7 (22. Rxd1 g6 23.
exf7 Kxf7) 22... Nf2 $1) 21... e4 22. exf7 {and und} Qe5 {look good for Black.
sehen gut aus für Schwarz.} (22... Kxf7 $6 {Falls for a nice tactical trick:
Falls for a nice tactical trick:} 23. Bc4+ $1 Qxc4 24. Rd7+ Nxd7 25. Qxd7+ Kg6
26. Qd6+ Kf7 27. Qd7+ $11) ({but both but both} 22... Qd6 23. Rf2 Bd5 (23...
Kxf7 24. Qh5+)) {for e.g. denn z.B.} 23. Be2 Nxa2+ 24. Kb1 Nc3+ 25. Kc1 Bd5 $17
) 20. Qg3 g6 (20... Nxc3+ 21. Ka1 {Already this move is possible. Schon ist
dieser Zug möglich.} Kf7 22. Rf1+ (22. Rd2 Nd5 23. Rf2+ N5f6) 22... Nf6 23.
Rde1 Na4 24. Qxe5 Qxe5+ 25. Rxe5 Bxg2 {The two pawns should give Black enough
compensation, but nothing more. Die zwei Bauern sollten Schwarz genügend
Kompensation geben, mehr aber nicht.}) 21. Rd2 (21. Qh4+ N7f6 22. Rd2 e4 $1)
21... Rc8 (21... Nxc3+ 22. Ka1 Rc8 23. Qg5+ Nf6 24. Rf2 Ncd5 25. Rxe5 {is just
unclear. ist einfach unklar.}) 22. Qg5+ $2 {I thought this was the decisive
mistake, but White still has a resource left. Dies hielt ich für den
entscheidenden Fehler, aber Weiß hat noch eine Ressource.} (22. Qh4+ {This was
easier though Das war einfacher, denn} N7f6 (22... Ke8 23. Qxh7 $18) 23. Rf2 e4
24. Bxe4 Nxc3+ 25. Kc1 Qe5 26. Rxf6 Nxa2+ 27. Kd2 Rd8+ 28. Bd3 Qc3+ 29. Ke3
Qe5+ $11) 22... Ke8 23. Qg4 $2 (23. Bxg6+ hxg6 24. Qxg6+ Ke7 25. Qg7+ Kd6) (23.
Rf2 e4 $1) (23. Qh6 $1 {This comp move still seems to hold. Dieser Computerzug
scheint noch zu halten.} Nxc3+ (23... N7f6 24. Kc1) (23... N7b6 24. Rf1 Qe7 25.
Bxg6+ $1) 24. Ka1 Nf6 25. Qh4 Ncd5 26. Qg5 Nd7 27. Be4 {White has a fair
amount of counterplay here. Hier hat Weiß eine ordentliche Menge Gegenspiel.})
23... Nxc3+ 24. Ka1 Bd5 $17 25. Re3 (25. Qb4 a5 26. Qxa5 Ra8 $1) 25... Nf6 26.
Qh4 Qe7 (26... Qg7 $5) 27. Bf1 {White was in time pressure already. Weiß war
bereits in Zeitnot.} (27. Qg3 Bxb3 (27... e4 28. Be2 b4 $17) 28. Bxg6+ hxg6 29.
cxb3 Nfe4 30. Qxg6+ Qf7 31. Qxf7+ Kxf7 32. Rc2 Rc5) 27... Bxb3 28. cxb3 Nce4 $1
29. Rb2 (29. Rxe4 Qa3 30. Bd3 (30. Rb2 Rc1+ 31. Rb1 Rc2 $19) 30... Qc1+ 31. Bb1
Qxd2 32. Re2 Qxe2 33. Qxf6 Kd7 $1 $19) 29... Rc1+ 30. Rb1 Qc5 {A good way to
start the tournament. Ein guter Weg, ins Turnier zu starten.} 0-1

[Event "EU-chT (Men) 15th"]
[Site "Gothenburg"]
[Date "2005.08.04"]
[Round "6.1"]
[White "Haznedaroglu, Kivanc"]
[Black "Jones, Richard S"]
[Result "1-0"]
[WhiteElo "2430"]
[BlackElo "2325"]
[Annotator "Atlas,V"]
[PlyCount "37"]
[EventDate "2005.07.30"]
[EventType "team-swiss"]
[EventRounds "9"]
[EventCountry "SWE"]
[SourceTitle "CBM 109"]
[Source "ChessBase"]
[SourceDate "2005.11.14"]
[SourceVersion "1"]
[SourceVersionDate "2005.11.14"]
[SourceQuality "1"]
[WhiteTeam "Turkey"]
[BlackTeam "Wales"]
[WhiteTeamCountry "TUR"]
[BlackTeamCountry "WLS"]

1. e4 c5 2. Nf3 d6 3. d4 cxd4 4. Nxd4 Nf6 5. Nc3 a6 6. Bg5 e6 7. f4 Nbd7 8. Qf3
Qc7 9. O-O-O b5 10. Bxf6 Nxf6 11. e5 Bb7 12. Qh3 dxe5 13. Ncxb5 Qc8 14. fxe5
Ne4 15. Nd6+ Bxd6 16. exd6 Qd7 17. Qh4 Qxd6 $2 ({A serious mistake. After} 
17... O-O {Black has good counterplay.}) 18. Nf5 Qf8 $2 ({The final mistake.
More tenacious was} 18... Qxd1+ 19. Kxd1 exf5) {[%tqu "En","Black's king is in
desperate situation. How can White continue?","Exploit weakness of Black's
back rank and a shaky position of the black knight.","Sacrifice your bishop!",
"f1a6","After this brilliant move Black is doomed.",5]} 19. Bxa6 $1 {[%csl Ra8,
Rb7,Gd1,Rd8,Re4,Re8,Gh4][%cal Gh4e4,Gh4d8,Gd1d8]} (19. Bxa6 {The decisive blow.
Now the game is over:} Bc6 (19... Rxa6 20. Rd8#) (19... Bxa6 20. Qxe4 Rc8 21.
Qa4+ {, with mate in two.}) (19... Qb4 20. Bb5+ Qxb5 (20... Kf8 21. Rd8+ Rxd8
22. Qxd8#) 21. Qe7#) 20. Qxe4 $1 Bxe4 21. Bb5+) 1-0

[Event "Moscow"]
[Site "Moscow"]
[Date "1981.04.??"]
[Round "3"]
[White "Beliavsky, Alexander G"]
[Black "Polugaevsky, Lev"]
[Result "1/2-1/2"]
[WhiteElo "2620"]
[BlackElo "2620"]
[Annotator "Belov,I"]
[PlyCount "65"]
[EventDate "1981.04.08"]
[EventType "tourn"]
[EventRounds "13"]
[EventCountry "URS"]
[EventCategory "15"]
[SourceTitle "MCL"]
[Source "ChessBase"]
[SourceDate "1999.07.01"]
[SourceVersion "1"]
[SourceVersionDate "1999.07.01"]
[SourceQuality "1"]

1. e4 c5 2. Nf3 d6 3. d4 cxd4 4. Nxd4 Nf6 5. Nc3 a6 6. Bg5 e6 7. f4 b5 {
Polugaevsky/} 8. e5 dxe5 9. fxe5 Qc7 10. exf6 (10. Qe2 Nfd7 11. O-O-O Bb7 $13)
10... Qe5+ 11. Be2 Qxg5 12. Qd3 Qxf6 13. Rf1 Qe5 14. Rd1 Qc7 $2 (14... Ra7 $142
15. Nf3 (15. Ndxb5 $5 Rd7 16. Qc4 Kd8 $2 (16... Bb7 $142 $5 17. Rxd7 axb5 $5
18. Qc7 Nxd7 19. Qxb7 b4 20. Qc8+ Ke7 21. Nb5 $13) 17. Nd4 Bd6 18. Nf3 $1 Qa5 {
Wolff,P-Polugaevsky,L/Groningen/1993/1/2-1/2/66/} 19. Qg4 $1 f5 20. Qg5+ Kc7
21. Rxd6 Kxd6 22. Qg3+ e5 23. Nd2 $1 $16 {Anand/}) 15... Qc7 16. Ng5 f5 17. Qd4
Qe7 18. Nge4 (18. Bh5+ g6 19. Qxh8 Qxg5 20. Bf3 Nd7 $13 {Hellers,F-Polugaevsky,
L/Haninge/1989/1:0/26/}) 18... h5 19. Nd6+ Qxd6 20. Qxa7 Qe5 $1 21. Qd4 Nd7 $1
$15 {Rodriguez,Am-Polugaevsky,L/Biel(izt)/1985/0:1/41/}) 15. Bh5 $1 (15. Bf3
Ra7 16. Nc6 Be7 $1 17. Nxa7 Qxa7 $44) 15... g6 $8 16. Bf3 Ra7 17. Nc6 $1 Nxc6
$8 (17... Be7 18. Qd4 $18) 18. Bxc6+ Bd7 19. Qxd7+ $2 (19. Bxd7+ $142 Qxd7 20.
Qe3 $1 {Kasparov/} (20. Qe4 $5) 20... Qe7 (20... Qb7 21. Qd4 $18) (20... Qc7
21. Nd5 $18) 21. Qe5 f6 22. Rxf6 $18) 19... Qxd7 20. Rxd7 Rxd7 21. Ke2 (21. Ne4
f5 $1 22. Nf6+ Ke7 23. Nxd7 Kd6 24. Nxf8 Kxc6 25. Nxe6 Re8 $10 {Beliavsky/})
21... Kd8 $8 22. Bxd7 Kxd7 23. Rxf7+ Be7 24. a4 b4 25. Ne4 Ke8 $6 (25... e5
$142 $10 {/\ Ke6/}) 26. Rf3 $6 (26. Rf2 $142 {>< c2/} Kd7 27. Kd3 e5 28. Kc4
$16) 26... Kd7 27. Kd3 e5 $10 28. Rf7 Ke6 29. Rg7 Rd8+ 30. Ke3 Rc8 31. Kd3 Rd8+
32. Ke3 Rc8 33. Kd3 (33. c3 $5 bxc3 34. bxc3 $14) 1/2-1/2

[Event "Moscow"]
[Site "Moscow"]
[Date "1992.??.??"]
[Round "?"]
[White "Berelowitsch, Alexander"]
[Black "Muhutdinov, Marat"]
[Result "0-1"]
[WhiteElo "2510"]
[BlackElo "2485"]
[Annotator "Berelovich,A"]
[PlyCount "61"]
[EventDate "1992.??.??"]
[EventType "game"]
[EventRounds "1"]
[EventCountry "RUS"]
[SourceTitle "CBM 033"]
[Source "ChessBase"]
[SourceDate "1993.04.01"]
[SourceVersion "1"]
[SourceVersionDate "1993.04.01"]
[SourceQuality "1"]

1. e4 c5 2. Nf3 d6 3. d4 cxd4 4. Nxd4 Nf6 5. Nc3 a6 6. Bg5 e6 7. f4 Qc7 8. Qf3
b5 (8... Nc6 $14) 9. Bxf6 (9. f5 $10) 9... gxf6 10. e5 d5 (10... Bb7 $13 {
Yudasin,L-Rashkovsky,N/}) (10... dxe5 $5 $44 {Zijatdinov-Rashkovsky/}) 11. exf6
Nd7 12. O-O-O Nxf6 13. f5 $5 $146 (13. Kb1 Bg7 $5) 13... e5 14. Nxd5 Nxd5 15.
Qxd5 Bb7 16. Bxb5+ $5 (16. Nxb5 $6 Bh6+ 17. Kb1 axb5 18. Bxb5+ Kf8 19. Qd7 Qxd7
20. Rxd7 Bxg2 $17) 16... axb5 17. Qxb5+ (17. Nxb5 $2 Qe7 $8 {-/+}) 17... Ke7
18. f6+ Kxf6 19. Rhf1+ Kg6 20. Qd3+ $2 (20. Nf3 Ra5 21. Nxe5+ Qxe5 22. Qxb7 f6
$17) (20. Nf5 Be4 $1 21. Nh4+ Kg7 22. Nf5+ (22. Rxf7+ $2 Qxf7 23. Rd7 Be7 24.
Qxe5+ Kg8 $19) 22... Kg8 23. Qe2 Bxf5 24. Rxf5 Bg7 $10) (20. Kb1 $1 $13) 20...
e4 21. Qh3 Bc8 22. Rf5 $6 $138 (22. Qh4 Qe5 23. Nc6 Qg5+ 24. Qxg5+ Kxg5 25. Ne5
Be6 26. Nxf7+ Bxf7 27. Rxf7 Kg6 28. Rdf1 Bg7 $19) (22. Rf6+ $5 Kxf6 23. Qh4+
Kg6 24. Qxe4+ f5 25. Qxa8 Bh6+ 26. Kb1 Re8 $17) 22... h5 23. Rdf1 Ra6 $1 (23...
Bh6+ 24. Kb1 Bxf5 25. Qxf5+ Kg7 26. Qxe4 $13) 24. Qh4 (24. Rxf7 Bxh3 25. Rxc7
Bd6 26. Rc3 Bd7 $19) 24... Bxf5 $19 25. Rxf5 Qe7 26. Qg3+ Kh7 27. Kb1 Bh6 28.
Rxh5 Rd6 29. c3 Rg6 30. Qe3 Rg5 31. Rh3 0-1